000 00612nam a2200229Ia 4500
003 OSt
005 20221007081425.0
006 a|||||r|||| 00| 0
007 ta
008 221006b |||||||| |||| 00| 0 eng d
024 _a13,502
037 _cTextual
040 _aFLL
_cFLL
_beng
041 _2eng
_aeng
082 _aV73:2:N7, L2
100 _aWarren Earl Au.
_9697213
245 0 _aRepublic if you can keep it
260 _aNew York
_bQuadrangle Books U.S.A.
_c1972
300 _axiii,203p
_ccm.
942 _hV73:2:N7, L2
_cTEXL
_2CC
999 _c1163017
_d1163017